000 00670nam a22002177a 4500
005 20251108164342.0
008 250721s1998 xx 000 0 ara d
082 1 4 _a371.91/سرط
100 1 _aالسرطاوي، عبد العزيز
245 1 0 _aالإعاقات الجسمية و الصحية /
264 1 _aالكويت :
_bمكتبة الفلاح،
_c1998.
300 _a480ص
650 1 7 _aالتربية الخاصة
650 1 7 _aالمعوقون
650 1 7 _aالشلل
650 1 7 _aأمراض الجهاز العصبي
650 1 7 _aعلم النفس التربوي
700 1 _aالصمادي، جميل
942 _2ddc
_cBK
999 _c10058
_d10058